000 00379cam a2200157ua 4500
041 _aeng
_h
082 _a828.09
_bSTE/RO
100 _aStern , G B .
245 _aRobert louis stevenson /
_cG B Stern.
_hTextual Documents
250 _a1 /
_b.
260 _aLondon :
_bLongaman Green and Co ,
_c1961.
300 _a52 ; .
504 _a
942 _cBK
999 _c2433
_d2433